| 000 | 01204nam a22003497a 4500 | ||
|---|---|---|---|
| 003 | CHAP | ||
| 005 | 20250924091956.0 | ||
| 008 | 971013s1995 r 00010 d | ||
| 010 | _a43976 | ||
| 011 | _a44948 | ||
| 035 | _a49087 | ||
| 040 | _cCHAP | ||
| 090 | _aTesis | ||
| 100 | 1 | 0 |
_aVelarde Espino, J. Jesús _9118361 |
| 245 | _aEstudio de factibilidad técnico-económica para la instalación de una planta de derivados lácteos en Acámbaro, Gto. | ||
| 260 |
_aChapingo, Méx. : _bEl autor, _c1995 |
||
| 300 | _a116 h. | ||
| 502 | _aTesis (Ing. Agroindustrial) -- UACH. Departamento de Ingenieria Agroindustrial | ||
| 590 |
_aALEPH _b10 _c20130110 _lUCH01 _h1313 |
||
| 590 |
_aBATCH-UPD _b10 _c20130110 _lUCH01 _h1111 |
||
| 590 |
_aBATCH-UPD _b10 _c20130410 _lUCH01 _h0703 |
||
| 590 |
_aBATCH-UPD _b10 _c20130914 _lUCH01 _h1635 |
||
| 590 |
_aCONVERSION _b10 _c20130109 _lUCH01 _h1324 |
||
| 650 | 1 | 4 |
_aIndustria lechera _xGuanajuato. _957838 |
| 650 | 1 | 4 |
_aQueso. _993221 |
| 650 | 1 | 4 |
_aYogurt. _9123161 |
| 700 | 1 |
_aRamírez García, Juan _994012 |
|
| 901 | _aBK | ||
| 942 | _cFOLL | ||
| 949 |
_bBC _cTES _d-110842 _eTS1 _h30464 _i49087 _si |
||
| 949 |
_bBC _cTES _d33724000005617 _eTS2 _fc.2 _h30465 _i49087 _si |
||
| 999 |
_c43976 _d43976 |
||